Normal view MARC view

Entry Topical Term

Number of records used in: 1

001 - CONTROL NUMBER

  • control field: 2860

003 - CONTROL NUMBER IDENTIFIER

  • control field: OSt

005 - DATE AND TIME OF LATEST TRANSACTION

  • control field: 20211105132339.0

008 - FIXED-LENGTH DATA ELEMENTS

  • fixed length control field: 211105|| aca||aabn | a|a d

040 ## - CATALOGING SOURCE

  • Original cataloging agency: OSt
  • Transcribing agency: OSt

150 ## - HEADING--TOPICAL TERM

  • Topical term or geographic name entry element: Collected Works-Max Born

670 ## - SOURCE DATA FOUND

  • Source citation: Work cat.: (OSt): University of Edinburgh 2859, Scientific papers presented to max born on his retirement from the tait chair of natural philosophy in the university of edinburgh, 1953

Powered by Koha